1266 1538 1022 1189 1660 1836 1817 1875 1394 1393 1510 1789 1161 1758 1352 1329 1503 1440 1521 1674 1698 1182 1293 1023 1436 1957 1449 1180 1899 1967 1345 1870 1162 1374 1940 1865 1558 1151 1103 1538 1592 1485 1240 1652 1603 1390 1914 1798 1571 1759 1220 1147 1670 1629 1474 1312 1661 1106 1463 1039 1375 1014 1691 1365 1984 1772 1747 1982 1218 1190 1776 1757 1299 1337 1620 1829 1807 1284 1655 1758 1773 1842 1449 1937 1433 1358 1629 1646 1978 1691 1359 1593 1362 1663 1526 1655 1951 1818 1320 BCNSPRNW ULIB Ver.6.0+V

เปลี่ยนเป็นภาษาไทย

Change to English
 แสดงรายละเอียดบรรณานุกรม
  กลับหน้าหลัก

Brief Record : Get Marc (ISO 2709) : E-mail record : QR code < ปิดหน้าต่าง
LEADER : 00000nam 2200000uu 4500
001    13399115202
003     ULIB
008    120727s2550||||th 000 0 tha d
020    ^a9789749601648
090    ^aนว.^bร940ฮ ล.7 2550
100 0  ^aโรว์ลิ่ง, เจ.เค.
245 00 ^aแฮร์รี่ พอตเตอร์ กับเครื่องรางยมทูต เล่ม7/^cโรว์ลิ่ง, เจ.เค.
250    ^aพิมพ์ครั้งที่ 1
260    ^aกรุงเทพฯ :^bนานมีบุ๊คส์,^c2550
300    ^a970 หน้า
710 1  ^aนานมีบุ๊คส์
945    ^p0^l0^i14789
995    ^aกัณชพร
999    ^aใช้งานได้ทุกระบบ
รายการนี้ยังไม่มีแท็ก
คุณยังไม่ได้ล็อกอิน คุณสามารถมีกิจกรรมร่วมกับเว็บไซต์ได้ แต่ต้องล็อกอินก่อน ::
  ล็อกอิน

รายการสื่อสารสนเทศ

ลำดับที่ ประเภท เลขเรียก/บาร์โค้ด สถานที่ สถานะ
1. วิทยาศาสตร์การแพทย์ และสุขภาพ
วิทยาศาสตร์การแพทย์ และสุขภาพ
นว. ร940ฮ ล.7 2550  
  Barcode: 14789
ห้องสมุดวิทยาเขตสวรรค์ประชารักษ์
►นวนิยาย
บนชั้น
  ขอยืม

รายการใกล้เคียง
    ผู้แต่ง [โรว์ลิ่ง, เจ.เค.]

BibComment


ยังไม่เคยถูกคอมเมนท์

คอมเมนท์ทรัพยากรรายการนี้
  คอมเมนท์: แฮร์รี่ พอตเตอร์..


 Copyright 2026. Bcnsprnw @Library